000 01367nam a22002657a 4500
001 BRCA_9216
003 FranzMayer
005 20230710133820.0
008 220725b |||||||| |||| 00| 0 eng d
040 _bspa
_cMFM
041 1 _aeng
_aspa
050 _aTR679
_bV64 2019
245 _aVogue :
_blike a painting
260 _aMéxico :
_bCondé Nast: México Latinoamérica,
_c2019
300 _a114 p. :
_bfot. col. ;
_c25 x 33 cm.
500 _aUbicación: L59-N5
500 _aCatálogo de la exposición "Vogue Like a Painting" realizada en el Museo Franz Mayer en la Ciudad de México (12 de julio al 15 de septiembre de 2019).
520 _a"Vogue like a painting" es una iniciativa que reúne el trabajo de visionarios de la fotografía que se han inspirado en grandes maestros de la pintura. Es una plataforma de estudio de la relación natural que existe entre la pintura, la moda y la fotografía, desde principios de la década de 1900 hasta la actualidad. - Karla Martínez de Salas, Directora editorial de Vogue México y Latinoamérica.
610 _aMuseo Franz Mayer (Mexico City, Mexico)
_vExposiciones
_xModa
_xFotografía
_928492
650 _aModa
_xPintura
_xFotografía
_vExposiciones
_928493
700 _aKarla Martínez de Salas
_eDir. ed.
_928494
700 _aDebra Smith
_ecuradora
_928495
942 _2lcc
_cB
999 _c10835
_d10835